[Event "4NCL Division 3"]
[Site "Daventry Court ENG"]
[Date "2014.03.23"]
[Round "8.235"]
[White "Burton, Graham P"]
[Black "Jamieson, Ian M"]
[Result "0-1"]
[WhiteElo "2043"]
[BlackElo "1980"]
[PlyCount "100"]
[EventDate "2014.03.23"]
[WhiteTeam "3Cs 2"]
[BlackTeam "Cheddleton 3"]

1. e4 e6 2. d4 d5 3. e5 c5 4. c3 Nc6 5. Nf3 f6 6. Be2 Qc7 7. O-O fxe5 8. dxe5
Nxe5 9. Nxe5 Qxe5 10. Bb5+ Kf7 11. Re1 Qc7 12. Bg5 Nf6 13. Bxf6 gxf6 14. Qh5+
Kg8 15. Nd2 Qf7 16. Qe2 a6 17. Bd3 Bd7 18. c4 h5 19. h4 Rh6 20. Qf3 Bc6 21.
cxd5 Bxd5 22. Be4 Rd8 23. Rac1 b5 24. Nf1 c4 25. Ng3 Bc5 26. Qf4 Rh8 27. Bxd5
Rxd5 28. Rcd1 Bd6 29. Qf3 Bxg3 30. Qxg3+ Kh7 31. Rxd5 exd5 32. Qf4 Rd8 33. Qf5+
Kg7 34. Re3 d4 35. Rg3+ Kf8 36. Qc5+ Ke8 37. Qc6+ Ke7 38. Qc7+ Rd7 39. Qc5+ Rd6
40. Qc7+ Ke6 41. Qc8+ Ke5 42. Rf3 Qe6 43. Qh8 Kd5 44. Qxh5+ Kc6 45. Qh8 d3 46.
Qa8+ Kc5 47. Qa7+ Kb4 48. a3+ Kb3 49. Qc5 Qe1+ 50. Kh2 Qe5+ 0-1

[Event "4NCL Division 3"]
[Site "Daventry Court ENG"]
[Date "2014.03.23"]
[Round "8.245"]
[White "Gostelow, David W"]
[Black "Piper, Stephen J"]
[Result "1-0"]
[WhiteElo "2034"]
[BlackElo "2064"]
[PlyCount "77"]
[EventDate "2014.03.23"]
[WhiteTeam "Shropshire"]
[BlackTeam "The Rookies"]

1. d4 g6 2. Bf4 Bg7 3. e3 d6 4. Be2 Nd7 5. Nf3 a6 6. c4 e5 7. Bg3 Ne7 8. Nc3
Nf5 9. Qd2 h5 10. dxe5 h4 11. Bf4 dxe5 12. e4 Nd4 13. Nxd4 exd4 14. Nd5 Ne5 15.
O-O-O O-O 16. Bg5 f6 17. Bxh4 c6 18. Nb4 a5 19. Nd3 Nxc4 20. Qc2 b5 21. Nc5 Ne5
22. Kb1 g5 23. Bg3 f5 24. f3 fxe4 25. fxe4 Ng4 26. Qb3+ Kh8 27. h4 Bh6 28. Ne6
a4 29. Nxd8 axb3 30. Rxd4 bxa2+ 31. Ka1 Bg7 32. hxg5+ Kg8 33. Rd2 Ra3 34. Bc7
Ra7 35. Bb6 Ra6 36. Bc5 Re8 37. Bd1 Ne3 38. Bh5 Nc4 39. Bf7# 1-0

[Event "4NCL Division 3"]
[Site "Daventry Court ENG"]
[Date "2014.03.23"]
[Round "8.246"]
[White "Gibson, Christopher A"]
[Black "Paul, Nathanael"]
[Result "1-0"]
[WhiteElo "2022"]
[BlackElo "1893"]
[PlyCount "95"]
[EventDate "2014.03.23"]
[WhiteTeam "The Rookies"]
[BlackTeam "Shropshire"]

1. e4 c6 2. d4 d5 3. exd5 cxd5 4. c4 Nf6 5. Nc3 Nc6 6. Bg5 h6 7. Bh4 g5 8. Bg3
Bf5 9. Be5 Nxe5 10. dxe5 d4 11. exf6 dxc3 12. Qxd8+ Rxd8 13. bxc3 exf6 14. Ne2
Ba3 15. Rd1 O-O 16. Rxd8 Rxd8 17. Nd4 Bg6 18. Kd2 Bc5 19. Ke3 f5 20. g3 f4+ 21.
gxf4 gxf4+ 22. Kxf4 Bxd4 23. cxd4 Rxd4+ 24. Ke3 Re4+ 25. Kd2 Rh4 26. Ke3 Bb1
27. a3 Ba2 28. f4 Kf8 29. h3 Bb1 30. Bg2 Bf5 31. Bxb7 Rxh3+ 32. Rxh3 Bxh3 33.
Bf3 Ke7 34. c5 Kd7 35. Kf2 Kc7 36. Kg3 Bd7 37. Kh4 Bc6 38. Bg4 Bd5 39. Kh5 Kc6
40. Kxh6 Kxc5 41. f5 Kd6 42. f6 Be6 43. Bh5 Kc5 44. Kg7 Kd6 45. Bxf7 Bg4 46.
Bb3 Bh5 47. f7 Bxf7 48. Bxf7 1-0

[Event "4NCL Division 3"]
[Site "Daventry Court ENG"]
[Date "2014.03.23"]
[Round "8"]
[White "Page, Mark E"]
[Black "Hamer, Martyn"]
[Result "1/2-1/2"]
[WhiteElo "2088"]
[BlackElo "1996"]
[PlyCount "27"]
[EventDate "2014.03.23"]
[WhiteTeam "Warwickshire Select 2"]
[BlackTeam "Manchester Manticores 1"]

1. e4 Nf6 2. e5 Nd5 3. d4 d6 4. Bc4 Nb6 5. Bb3 Nc6 6. e6 fxe6 7. Nf3 g6 8. Ng5
Bg7 9. Bxe6 Rf8 10. c3 h6 11. Qd3 Rf6 12. Bxc8 Qxc8 13. Ne4 Rf7 14. O-O 1/2-1/2

[Event "4NCL Division 3"]
[Site "Daventry Court ENG"]
[Date "2014.03.23"]
[Round "8.1"]
[White "Whitehead, Mark A"]
[Black "Fallowfield, Jeremy R"]
[Result "1/2-1/2"]
[WhiteElo "2012"]
[BlackElo "2039"]
[PlyCount "30"]
[EventDate "2014.03.23"]
[WhiteTeam "Manchester Manticores 1"]
[BlackTeam "Warwickshire Select 2"]

1. e4 e6 2. Qe2 Nf6 3. g3 Be7 4. Bg2 d5 5. d3 c5 6. Nf3 Nc6 7. O-O b5 8. Re1 a5
9. exd5 exd5 10. Ne5 Nd4 11. Qd1 Bb7 12. c3 Nc6 13. Qe2 Ra7 14. Na3 Nxe5 15.
Qxe5 Bc6 1/2-1/2

[Event "4NCL Division 3"]
[Site "Daventry Court ENG"]
[Date "2014.03.23"]
[Round "8.2"]
[White "Ingram, Keith R"]
[Black "Mulleady, Peter J"]
[Result "1/2-1/2"]
[WhiteElo "2001"]
[BlackElo "1896"]
[PlyCount "36"]
[EventDate "2014.03.23"]
[WhiteTeam "Warwickshire Select 2"]
[BlackTeam "Manchester Manticores 1"]

1. e4 g6 2. d4 Bg7 3. Nc3 c5 4. Nf3 cxd4 5. Nxd4 Nc6 6. Be3 Nf6 7. Be2 O-O 8.
h4 d5 9. exd5 Nxd5 10. Nxd5 Nxd4 11. Bxd4 Qxd5 12. Bxg7 Qxd1+ 13. Rxd1 Kxg7 14.
O-O Be6 15. Rd2 Rfd8 16. Rfd1 Rxd2 17. Rxd2 Rc8 18. a3 Kf6 1/2-1/2

[Event "4NCL Division 3"]
[Site "Daventry Court ENG"]
[Date "2014.03.23"]
[Round "8.3"]
[White "Lonsdale, Jon I"]
[Black "Webster, Paul"]
[Result "0-1"]
[WhiteElo "1773"]
[BlackElo "1987"]
[PlyCount "112"]
[EventDate "2014.03.23"]
[WhiteTeam "Manchester Manticores 1"]
[BlackTeam "Warwickshire Select 2"]

1. e4 d5 2. exd5 Qxd5 3. Nf3 Bf5 4. d4 Qe4+ 5. Be2 Qxc2 6. O-O Qxd1 7. Rxd1 Nf6
8. Nc3 e6 9. d5 Nxd5 10. Nxd5 exd5 11. Rxd5 Be6 12. Rd1 Bd6 13. Nd4 O-O 14. Nb5
Be5 15. f4 a6 16. fxe5 axb5 17. Bxb5 Rxa2 18. Rxa2 Bxa2 19. Be3 Be6 20. Ra1 c6
21. Bc5 Rc8 22. Be2 Nd7 23. Bd6 f6 24. exf6 Nxf6 25. b4 Bd5 26. Ra7 b5 27. Be5
Re8 28. Bxf6 gxf6 29. Bd3 Be4 30. Rd7 Bxd3 31. Rxd3 Kf7 32. Rd6 Re6 33. Rd7+
Kg6 34. Kf2 Re4 35. Rc7 Rc4 36. Kf3 h5 37. g3 Kf5 38. h3 Rc3+ 39. Kf2 Ke4 40.
Re7+ Kf5 41. Kg2 Rc4 42. Rc7 Ke6 43. Kf3 Kd6 44. Rf7 Rxb4 45. Rxf6+ Kd7 46. Rf5
h4 47. g4 Rb3+ 48. Kf4 Rxh3 49. Kg5 b4 50. Kf6 b3 51. g5 b2 52. Rf1 Rf3+ 53.
Rxf3 b1=Q 54. g6 Qe4 55. Rf1 Qe7+ 56. Kf5 Qf8+ 0-1

[Event "4NCL Division 3"]
[Site "Daventry Court ENG"]
[Date "2014.03.23"]
[Round "8.9"]
[White "Jimenez, Alfonso"]
[Black "Moore, Gerald"]
[Result "0-1"]
[WhiteElo "1830"]
[BlackElo "2212"]
[PlyCount "60"]
[EventDate "2014.03.23"]
[WhiteTeam "e2e4.org.uk 5"]
[BlackTeam "Broadland"]

1. d4 g6 2. c4 Bg7 3. e4 d6 4. Nc3 Nf6 5. g3 O-O 6. Bg2 Nc6 7. Nf3 Bg4 8. h3
Bxf3 9. Bxf3 e5 10. d5 Nd4 11. Bg2 c5 12. O-O a6 13. Be3 Nd7 14. f4 exf4 15.
gxf4 b5 16. Ne2 Nxe2+ 17. Qxe2 bxc4 18. Qxc4 Qa5 19. Rab1 Rab8 20. b3 Qxa2 21.
e5 dxe5 22. fxe5 Rb4 23. Qd3 Nxe5 24. Qd1 Nd7 25. Rf2 Qa5 26. Kh1 Qb6 27. Rd2
a5 28. Ra2 Rb8 29. Qg1 a4 30. Rc1 axb3 0-1

[Event "4NCL Division 3"]
[Site "Daventry Court ENG"]
[Date "2014.03.23"]
[Round "8.10"]
[White "Hughes, Roy"]
[Black "Towers, Nigel S"]
[Result "1-0"]
[WhiteElo "2037"]
[BlackElo "1820"]
[PlyCount "79"]
[EventDate "2014.03.23"]
[WhiteTeam "Broadland"]
[BlackTeam "e2e4.org.uk 5"]

1. d4 Nf6 2. Bf4 e6 3. Nf3 c5 4. e3 b6 5. c3 Bb7 6. Nbd2 Be7 7. h3 Ne4 8. Nxe4
Bxe4 9. Bd3 Bxd3 10. Qxd3 O-O 11. d5 d6 12. dxe6 fxe6 13. Qe4 Na6 14. Qxe6+ Kh8
15. Rd1 Nc7 16. Qg4 Ne8 17. O-O Qc8 18. Qxc8 Rxc8 19. Rd3 b5 20. Rfd1 h6 21.
Bg3 Kh7 22. e4 c4 23. Re3 a6 24. Nd4 g6 25. Ree1 Ng7 26. Nc2 Nh5 27. Bxd6 Bxd6
28. Rxd6 Nf4 29. Nd4 Nd3 30. Re2 b4 31. Rxa6 Ra8 32. Rxa8 Rxa8 33. cxb4 Rxa2
34. b5 Nxb2 35. b6 Ra1+ 36. Kh2 Rb1 37. e5 Nd3 38. e6 Nf4 39. e7 Nxe2 40. Nxe2
1-0

[Event "4NCL Division 3"]
[Site "Daventry Court ENG"]
[Date "2014.03.23"]
[Round "8.11"]
[White "Booley, Graham M"]
[Black "McEwan, Ken B"]
[Result "0-1"]
[WhiteElo "1817"]
[BlackElo "2084"]
[PlyCount "106"]
[EventDate "2014.03.23"]
[WhiteTeam "e2e4.org.uk 5"]
[BlackTeam "Broadland"]

1. e4 c5 2. Nc3 Nc6 3. g3 g6 4. Bg2 Bg7 5. d3 d6 6. Be3 Nf6 7. h3 e5 8. Nge2
Be6 9. Qd2 Nd4 10. Nd1 h5 11. c3 Nxe2 12. Qxe2 h4 13. g4 Nh7 14. f4 exf4 15.
Bxf4 Qc7 16. Qc2 g5 17. Bh2 Nf8 18. Rf1 Ng6 19. Ne3 Be5 20. Bxe5 dxe5 21. Qa4+
Qd7 22. Qxd7+ Kxd7 23. Rf2 Nf4 24. Bf1 Ke7 25. b3 Rhd8 26. O-O-O b5 27. Rfd2 a5
28. c4 a4 29. Kb2 Rab8 30. Rc2 axb3 31. axb3 Rd7 32. Nd5+ Bxd5 33. cxd5 Kd6 34.
Ra1 Rdb7 35. Ra6+ Rb6 36. Rxb6+ Rxb6 37. b4 cxb4 38. Kb3 Ra6 39. Kxb4 Ra1 40.
Rf2 Rb1+ 41. Kc3 Kc5 42. Kc2 Re1 43. Kd2 Ra1 44. Kc3 b4+ 45. Kb2 Re1 46. Rc2+
Kb6 47. d6 Rxf1 48. d7 Ne6 49. Rc8 Rf3 50. d8=Q+ Nxd8 51. Rxd8 Rxh3 52. Rg8 f6
53. Rg6 Rf3 0-1

[Event "4NCL Division 3"]
[Site "Daventry Court ENG"]
[Date "2014.03.23"]
[Round "8.29"]
[White "Herring, Sam AC"]
[Black "Willmoth, Rob"]
[Result "0-1"]
[WhiteElo "1754"]
[BlackElo "2139"]
[PlyCount "112"]
[EventDate "2014.03.23"]
[WhiteTeam "Celtic Tigers 2"]
[BlackTeam "Barnet Knights 1"]

1. d4 d6 2. c4 e5 3. dxe5 dxe5 4. Qxd8+ Kxd8 5. Nc3 c6 6. Nf3 f6 7. b3 Be6 8.
Bb2 Nd7 9. Rd1 Nh6 10. h3 Be7 11. g4 Nf7 12. e3 h5 13. Rg1 g5 14. Bd3 hxg4 15.
hxg4 Kc7 16. Ne4 a5 17. a3 Nd6 18. Nxd6 Bxd6 19. Nd2 Nc5 20. Ke2 Rh4 21. Bf5
Bxf5 22. gxf5 Rah8 23. Nf3 R4h7 24. b4 Na4 25. Rb1 axb4 26. axb4 b6 27. Rg4 Rh1
28. Ne1 Kb7 29. c5 Bc7 30. cxb6 Kxb6 31. Rc4 R8h4 32. Rxh4 Rxh4 33. Nd3 Bd6 34.
Kd2 Nxb2 35. Rxb2 Kb5 36. Kc3 Rc4+ 37. Kd2 e4 38. Nc5 Bxc5 39. bxc5+ Kxc5 40.
Rb7 Kd6 41. Ra7 Ke5 42. Ra5+ c5 43. Ra1 Kxf5 44. Rg1 Ra4 45. Rg2 Ke5 46. Kc3
Kd5 47. Rg1 Ra2 48. Rf1 Ke5 49. Kc4 Rc2+ 50. Kb3 Rd2 51. Kc4 Kf5 52. f3 exf3
53. Rxf3+ Ke5 54. Kxc5 f5 55. Kc4 Ke4 56. Rg3 g4 0-1

[Event "4NCL Division 3"]
[Site "Daventry Court ENG"]
[Date "2014.03.23"]
[Round "8.30"]
[White "Brozel, Sacha"]
[Black "Rumsey, Victor B"]
[Result "1/2-1/2"]
[WhiteElo "1762"]
[BlackElo "1853"]
[PlyCount "89"]
[EventDate "2014.03.23"]
[WhiteTeam "Barnet Knights 1"]
[BlackTeam "Celtic Tigers 2"]

1. d4 Nf6 2. c4 e6 3. g3 d5 4. Bg2 Be7 5. Nf3 O-O 6. O-O dxc4 7. Qc2 a6 8. Qxc4
b5 9. Qc2 Bb7 10. Bd2 Be4 11. Qc1 c6 12. Rd1 Nbd7 13. Nc3 Bxf3 14. Bxf3 Rc8 15.
Bf4 Nd5 16. Nxd5 cxd5 17. Qd2 Nf6 18. Qd3 Qa5 19. g4 Rfd8 20. g5 Ne8 21. h4 Qb4
22. Rab1 Qc4 23. Qxc4 Rxc4 24. Rbc1 Rdc8 25. h5 Bd6 26. Be3 f5 27. Kg2 Rxc1 28.
Rxc1 Rxc1 29. Bxc1 Kf7 30. Kf1 g6 31. h6 Ke7 32. Ke1 Kd7 33. Kd1 Bc7 34. Bh5
Nd6 35. Bf3 Ne4 36. Bxe4 dxe4 37. Kc2 Kc6 38. Kb3 Kd5 39. Be3 f4 40. Bd2 Kxd4
41. a4 bxa4+ 42. Kxa4 e5 43. Kb4 Kd5 44. Be1 Bb6 45. b3 1/2-1/2

[Event "4NCL Division 3"]
[Site "Daventry Court ENG"]
[Date "2014.03.23"]
[Round "8.31"]
[White "Larter, Nick J"]
[Black "Klingher, Dominic"]
[Result "1-0"]
[WhiteElo "1778"]
[BlackElo "1786"]
[PlyCount "61"]
[EventDate "2014.03.23"]
[WhiteTeam "Celtic Tigers 2"]
[BlackTeam "Barnet Knights 1"]

1. e4 c5 2. a3 Nc6 3. b4 e6 4. b5 Nce7 5. Bb2 Ng6 6. Nf3 Nf6 7. e5 Nd5 8. c4
Nb6 9. a4 d5 10. exd6 Qxd6 11. h4 Nf4 12. Ra3 Be7 13. Be5 Nxg2+ 14. Bxg2 Qd8
15. Qc2 f6 16. Rd3 Bd7 17. Bg3 e5 18. Re3 O-O 19. a5 Nc8 20. Qc3 Nd6 21. h5 Nf5
22. Re2 e4 23. Nh4 Nd4 24. Rxe4 f5 25. Rxd4 cxd4 26. Bd5+ Kh8 27. Qxd4 Bf6 28.
Ng6+ hxg6 29. hxg6+ Bh4 30. Rxh4+ Qxh4 31. Qxh4# 1-0

[Event "4NCL Division 3"]
[Site "Daventry Court ENG"]
[Date "2014.03.23"]
[Round "8.33"]
[White "Herring, Tim JC"]
[Black "Hung, Jake"]
[Result "0-1"]
[WhiteElo "1589"]
[BlackElo "1671"]
[PlyCount "63"]
[EventDate "2014.03.23"]
[WhiteTeam "Celtic Tigers 2"]
[BlackTeam "Barnet Knights 1"]

1. d4 d5 2. Bf4 Nf6 3. e3 Bf5 4. Bd3 Bxd3 5. Qxd3 a6 6. h3 e6 7. Nf3 Bd6 8. Ne5
Nbd7 9. Nd2 Nh5 10. Ndf3 Nxf4 11. exf4 f6 12. Nxd7 Qxd7 13. g3 O-O 14. O-O Rae8
15. Rae1 b5 16. Re2 Rf7 17. Kg2 c5 18. c3 Rfe7 19. Rfe1 c4 20. Qc2 a5 21. a3 b4
22. axb4 axb4 23. Qd2 Qb7 24. Ra1 e5 25. fxe5 fxe5 26. dxe5 Bxe5 27. Nxe5 Rxe5
28. Rxe5 Rxe5 29. f3 bxc3 30. bxc3 Re8 31. h4 Rd8 32. Ra5 0-1

[Event "4NCL Division 3"]
[Site "Daventry Court ENG"]
[Date "2014.03.23"]
[Round "8.39"]
[White "Dydak, Mateusz"]
[Black "Taylor, John Paul J"]
[Result "1-0"]
[WhiteElo "1912"]
[BlackElo "1962"]
[PlyCount "113"]
[EventDate "2014.03.23"]
[WhiteTeam "West is Best 2"]
[BlackTeam "Bristol 2"]

1. f4 g5 2. fxg5 e5 3. d4 e4 4. Bf4 Bg7 5. e3 d5 6. c4 Ne7 7. Nc3 c6 8. cxd5
Nxd5 9. Nxd5 cxd5 10. Ne2 h6 11. gxh6 Bxh6 12. Qb3 Nc6 13. Bxh6 Rxh6 14. Nf4
Qa5+ 15. Qc3 Nb4 16. Kf2 Rc6 17. Qa3 Nd3+ 18. Bxd3 Qxa3 19. bxa3 exd3 20. Nxd3
Rc2+ 21. Kf3 Bf5 22. Nf2 Rac8 23. g4 Bg6 24. Rhd1 R8c6 25. g5 Bh5+ 26. Kg3 f6
27. h4 fxg5 28. hxg5 Bg6 29. Ng4 Be4 30. Nf6+ Ke7 31. Nxe4 dxe4 32. Kf4 Re6 33.
Rf1 Rg2 34. Kf5 Kd6 35. Rab1 Re7 36. Kg6 Rg3 37. Rf6+ Kc7 38. Rb3 b6 39. Rc3+
Kd7 40. Rcc6 Ke8 41. Rfd6 Rd7 42. Re6+ Re7 43. Rxe7+ Kxe7 44. Kf5 Kd7 45. Rc3
Kd6 46. g6 Kd5 47. Kf6 Rf3+ 48. Ke7 Rg3 49. Kf7 Rf3+ 50. Kg8 Rg3 51. g7 Ke6 52.
a4 a6 53. Rb3 b5 54. axb5 axb5 55. Rxb5 Rxe3 56. Rh5 Rf3 57. Kh8 1-0

[Event "4NCL Division 3"]
[Site "Daventry Court ENG"]
[Date "2014.03.23"]
[Round "8.51"]
[White "Price, Andrew"]
[Black "Balouka-Myers, Reuben"]
[Result "1-0"]
[WhiteElo "1858"]
[BlackElo "1536"]
[PlyCount "55"]
[EventDate "2014.03.23"]
[WhiteTeam "Banbury Bulldogs"]
[BlackTeam "Barnet Knights 2"]

1. e4 e6 2. d4 d5 3. exd5 exd5 4. Be2 Nf6 5. Nf3 Bd6 6. O-O Bf5 7. c4 dxc4 8.
Bxc4 O-O 9. Qb3 b6 10. Re1 Nbd7 11. Nc3 c5 12. Nb5 Bc7 13. Ne5 Ng4 14. Nxg4
Bxg4 15. Bd5 Rb8 16. h3 Bf5 17. Qf3 Bg6 18. Nxc7 Qxc7 19. Bf4 Qd8 20. Bxb8 Qxb8
21. Bc6 Nf6 22. dxc5 bxc5 23. b3 Qd6 24. Rad1 Qc7 25. Bb5 Bh5 26. g4 Bg6 27.
Rc1 Rd8 28. Qe3 1-0

[Event "4NCL Division 3"]
[Site "Daventry Court ENG"]
[Date "2014.03.23"]
[Round "8.59"]
[White "Gallagher, Daniel GH"]
[Black "Ogunshola, Ben"]
[Result "1/2-1/2"]
[WhiteElo "1830"]
[BlackElo "2165"]
[PlyCount "49"]
[EventDate "2014.03.23"]
[WhiteTeam "Sandhurst Scorpions"]
[BlackTeam "The Pitstop"]

1. e4 d6 2. d4 Nf6 3. Nc3 g6 4. Be3 c6 5. Qd2 b5 6. Bd3 e5 7. dxe5 dxe5 8. Nf3
Nbd7 9. O-O Ng4 10. Bg5 Be7 11. Bxe7 Qxe7 12. h3 Ngf6 13. a4 b4 14. Ne2 a5 15.
Nc1 O-O 16. Nb3 Nc5 17. Nxc5 Qxc5 18. Rfe1 Re8 19. Qe3 Nd7 20. Rad1 Qxe3 21.
Rxe3 Nc5 22. b3 f6 23. Bc4+ Be6 24. Bxe6+ Rxe6 25. Kf1 1/2-1/2

[Event "4NCL Division 3"]
[Site "Daventry Court ENG"]
[Date "2014.03.23"]
[Round "8.69"]
[White "Cooke, Charlie"]
[Black "Biswas, Karl"]
[Result "1/2-1/2"]
[WhiteElo "1751"]
[BlackElo "1745"]
[PlyCount "73"]
[EventDate "2014.03.23"]
[WhiteTeam "BCM Bison (4)"]
[BlackTeam "Oxford 3"]

1. d4 e6 2. c4 b6 3. Nc3 Bb7 4. e4 Bb4 5. Bd3 f5 6. Qe2 Nf6 7. Bg5 fxe4 8. Bxe4
Bxe4 9. Bxf6 Qxf6 10. Qxe4 Nc6 11. Nge2 O-O 12. O-O Bxc3 13. bxc3 Rae8 14. f4
Qf5 15. Ng3 Qxe4 16. Nxe4 d6 17. Rae1 e5 18. d5 Nd8 19. f5 Nf7 20. g4 c6 21. g5
cxd5 22. cxd5 Rc8 23. Re3 Rc4 24. g6 hxg6 25. fxg6 Nh8 26. Rxf8+ Kxf8 27. Nxd6
Rg4+ 28. Rg3 Rxg3+ 29. hxg3 Nxg6 30. Nc8 Ne7 31. Nxe7 Kxe7 32. c4 Kd6 33. Kf2
b5 34. cxb5 Kxd5 35. Ke3 Kc5 36. Ke4 Kxb5 37. Kxe5 1/2-1/2

[Event "4NCL Division 3"]
[Site "Daventry Court ENG"]
[Date "2014.03.23"]
[Round "8.80"]
[White "Patrick, David A"]
[Black "Goodwin, Ed H"]
[Result "1/2-1/2"]
[WhiteElo "1879"]
[BlackElo "1776"]
[PlyCount "62"]
[EventDate "2014.03.23"]
[WhiteTeam "Bradford DCA Knights C"]
[BlackTeam "Throw in the Tal"]

1. e4 e6 2. d4 d5 3. exd5 exd5 4. Bd3 c5 5. dxc5 Bxc5 6. Nf3 Ne7 7. Nc3 Nbc6 8.
a3 Bg4 9. h3 Bh5 10. g4 Bg6 11. Bf4 O-O 12. O-O Bd6 13. Bg3 Rc8 14. Kg2 Bxg3
15. fxg3 d4 16. Bxg6 hxg6 17. Ne2 Nd5 18. Qd3 Ne3+ 19. Kh2 Nxf1+ 20. Rxf1 Qe7
21. Nexd4 Nxd4 22. Nxd4 Rfe8 23. c3 Rcd8 24. Qc4 Rd7 25. h4 Qe4 26. Kh3 Qd5 27.
Qxd5 Rxd5 28. Rf2 Rde5 29. g5 a6 30. Rd2 Re1 31. Kg2 R1e4 1/2-1/2

[Event "4NCL Division 3"]
[Site "Daventry Court ENG"]
[Date "2014.03.23"]
[Round "8.90"]
[White "Asenov, Pavel"]
[Black "Brewer, Callum D"]
[Result "1-0"]
[WhiteElo "1876"]
[BlackElo "1815"]
[PlyCount "70"]
[EventDate "2014.03.23"]
[WhiteTeam "Witney"]
[BlackTeam "Sussex Smart Survivors 2"]

1. c4 Nf6 2. g3 e6 3. Bg2 d5 4. Nf3 Be7 5. O-O O-O 6. b3 c5 7. Bb2 Nc6 8. e3 b6
9. d3 Bb7 10. Nbd2 Qc7 11. Qe2 Rfd8 12. a3 Rac8 13. Nh4 d4 14. e4 Ne5 15. f4
Ng6 16. Nxg6 hxg6 17. e5 Bxg2 18. Kxg2 Qc6+ 19. Kg1 Ne8 20. Qg4 a6 21. h4 Qb7
22. Rf2 Nc7 23. Rh2 Kf8 24. h5 gxh5 25. Rxh5 g6 26. Rh7 Ke8 27. Ne4 Kd7 28.
Rxf7 Rh8 29. Qxg6 Rcg8 30. Rg7 Re8 31. Rh7 Rhg8 32. Nf6+ Kd8 33. Nxg8 Qf3 34.
Re1 a5 35. Nxe7 Rxe7 1-0

[Event "4NCL Division 3"]
[Site "Daventry Court ENG"]
[Date "2014.05.03"]
[Round "9.55"]
[White "Martin, Andrew D"]
[Black "Barnes, Michael H"]
[Result "1/2-1/2"]
[WhiteElo "2386"]
[BlackElo "2200"]
[PlyCount "60"]
[EventDate "2014.05.03"]
[WhiteTeam "Guildford 3"]
[BlackTeam "e2e4.org.uk 2"]

1. d4 Nf6 2. c4 g6 3. Nc3 Bg7 4. e4 d6 5. Be2 O-O 6. Nf3 Na6 7. Be3 e5 8. d5
Ng4 9. Bg5 f6 10. Bd2 f5 11. exf5 gxf5 12. Ng5 Nf6 13. f4 Qe7 14. O-O Bd7 15.
Kh1 h6 16. Nh3 Nc5 17. Nf2 a5 18. Qc2 e4 19. Be3 h5 20. h3 Rae8 21. Rad1 Kh8
22. g3 Bh6 23. Rg1 Rg8 24. Rg2 Rg7 25. Rdg1 Nd3 26. Qd2 Nxf2+ 27. Rxf2 c5 28.
dxc6 bxc6 29. Rfg2 Be6 30. Qd1 Reg8 1/2-1/2

[Event "4NCL Division 3"]
[Site "Daventry Court ENG"]
[Date "2014.05.03"]
[Round "9.56"]
[White "Briggs, Philip J"]
[Black "Povah, Nigel E"]
[Result "0-1"]
[WhiteElo "2191"]
[BlackElo "2297"]
[PlyCount "42"]
[EventDate "2014.05.03"]
[WhiteTeam "e2e4.org.uk 2"]
[BlackTeam "Guildford 3"]

1. d4 Nf6 2. Nf3 e6 3. Bg5 c5 4. e3 Be7 5. Nbd2 b6 6. Bxf6 gxf6 7. d5 Bb7 8. c4
Na6 9. Be2 Qc7 10. Ne4 f5 11. d6 Qb8 12. Nfg5 Bd8 13. Bh5 Bxe4 14. Nxf7 O-O 15.
Ne5 Qc8 16. Rg1 Bf6 17. Bf7+ Rxf7 18. Nxf7 Kxf7 19. Qh5+ Kg7 20. g4 f4 21. g5
Bxb2 0-1

[Event "4NCL Division 3"]
[Site "Daventry Court ENG"]
[Date "2014.05.03"]
[Round "9.57"]
[White "Osborne, Marcus E"]
[Black "Evans, Raymond G"]
[Result "1-0"]
[WhiteElo "2262"]
[BlackElo "2155"]
[PlyCount "89"]
[EventDate "2014.05.03"]
[WhiteTeam "Guildford 3"]
[BlackTeam "e2e4.org.uk 2"]

1. d4 f5 2. c4 Nf6 3. Nc3 g6 4. h4 d6 5. h5 Nxh5 6. e4 Nf6 7. Bd3 Nc6 8. exf5
Bxf5 9. Bxf5 gxf5 10. Bg5 Qd7 11. Bxf6 exf6 12. d5 Ne5 13. Qh5+ Ng6 14. O-O-O
O-O-O 15. Nb5 Ne5 16. Nxa7+ Kb8 17. Nb5 Nxc4 18. Nc3 Qg7 19. Qe2 Nb6 20. Nf3 h5
21. Nd4 Qg4 22. f3 Qg6 23. Qb5 Bh6+ 24. Kb1 Be3 25. Ne6 f4+ 26. Ka1 Rdg8 27.
Qa5 Qc2 28. Rb1 Rxg2 29. Nb5 Qa4 30. Qxa4 Nxa4 31. Rh4 Nb6 32. Nbxc7 Rc8 33.
Nb5 Nxd5 34. Rxh5 Nb4 35. a3 Nc2+ 36. Ka2 Re8 37. Rbh1 Reg8 38. Nec7 Rc8 39.
Nd5 Rg5 40. Nxd6 Rd8 41. Rh8 Rxh8 42. Rxh8+ Ka7 43. Nb5+ Ka6 44. Nbc7+ Ka7 45.
Ra8# 1-0

[Event "4NCL Division 3"]
[Site "Daventry Court ENG"]
[Date "2014.05.03"]
[Round "9.58"]
[White "Josse, Mark"]
[Black "Granat, Russell G"]
[Result "1-0"]
[WhiteElo "2166"]
[BlackElo "2192"]
[PlyCount "109"]
[EventDate "2014.05.03"]
[WhiteTeam "e2e4.org.uk 2"]
[BlackTeam "Guildford 3"]

1. d4 f5 2. Bg5 Nf6 3. Bxf6 exf6 4. e3 Nc6 5. Nh3 g6 6. c4 Bh6 7. Nc3 O-O 8.
Qd2 d6 9. O-O-O Ne7 10. d5 a6 11. Kb1 Bd7 12. Nf4 Qc8 13. h4 Bxf4 14. exf4 h5
15. Re1 Rf7 16. Rh3 Kg7 17. Be2 Qf8 18. Rg3 Kh7 19. Re3 Ng8 20. Bf1 Re8 21.
Rxe8 Bxe8 22. Ne2 Re7 23. Nd4 Bd7 24. Bd3 Rxe1+ 25. Qxe1 Qe7 26. Qe3 Qxe3 27.
fxe3 Ne7 28. Kc2 Kg7 29. b4 Kf7 30. Kb3 Nc8 31. a4 Na7 32. a5 c6 33. dxc6 bxc6
34. c5 dxc5 35. bxc5 Bc8 36. g3 Ke7 37. Kb4 Bb7 38. e4 fxe4 39. Bxe4 f5 40. Bf3
Kf6 41. Kc3 Ke7 42. Be2 Bc8 43. Kd2 Bb7 44. Nf3 Nc8 45. Ne5 Kf6 46. Bc4 Na7 47.
Kd3 Nb5 48. Bf7 Nc7 49. Bxg6 Ne6 50. Kc4 Ng7 51. Bf7 Ke7 52. Kb4 Kd8 53. Bc4
Ne8 54. Bd3 Ng7 55. Nf7+ 1-0

[Event "4NCL Division 3"]
[Site "Daventry Court ENG"]
[Date "2014.05.03"]
[Round "9.59"]
[White "Kalaiyalahan, Akshaya"]
[Black "Byron, Alan M"]
[Result "1/2-1/2"]
[WhiteElo "1959"]
[BlackElo "2156"]
[PlyCount "105"]
[EventDate "2014.05.03"]
[WhiteTeam "Guildford 3"]
[BlackTeam "e2e4.org.uk 2"]

1. d4 Nf6 2. Nf3 g6 3. g3 Bg7 4. Bg2 O-O 5. O-O c5 6. c4 cxd4 7. Nxd4 Nc6 8.
Nc3 Ng4 9. Nb3 d6 10. Nd5 a5 11. a4 Nge5 12. Qc2 e6 13. Ne3 Nb4 14. Qd1 Nec6
15. Rb1 Qe7 16. Bd2 Bd7 17. Nc1 Ra7 18. Nd3 Na6 19. b3 Nc5 20. Nc2 Nd4 21. Nxd4
Bxd4 22. Ne1 Bg7 23. e4 Bc6 24. Qe2 b6 25. Nc2 Qb7 26. Rfe1 f5 27. f3 fxe4 28.
fxe4 Qa8 29. Qe3 Raf7 30. Nd4 e5 31. Nxc6 Qxc6 32. Rf1 Rxf1+ 33. Rxf1 Rxf1+ 34.
Kxf1 Qd7 35. h3 Qf7+ 36. Ke1 Qf8 37. Bc1 Bf6 38. Ba3 Qe7 39. Bxc5 dxc5 40. Qd3
Kg7 41. Qd5 Bg5 42. Bf3 Be3 43. Qd3 Bd4 44. Qd2 Qf7 45. Ke2 Qf6 46. Qc1 h6 47.
Qd2 Qf8 48. Qc1 Qf7 49. Qd2 Qe6 50. Bg4 Qf6 51. Bf3 Kh7 52. Qc1 Qf7 53. Qd2
1/2-1/2

[Event "4NCL Division 3"]
[Site "Daventry Court ENG"]
[Date "2014.05.03"]
[Round "9.60"]
[White "Morley, Andrew J"]
[Black "Smart, Michael R"]
[Result "1-0"]
[WhiteElo "2062"]
[BlackElo "2019"]
[PlyCount "55"]
[EventDate "2014.05.03"]
[WhiteTeam "e2e4.org.uk 2"]
[BlackTeam "Guildford 3"]

1. e4 Nf6 2. e5 Nd5 3. d4 d6 4. c4 Nb6 5. f4 dxe5 6. fxe5 c5 7. d5 e6 8. Nc3
exd5 9. cxd5 c4 10. Nf3 Bg4 11. Be2 N8d7 12. Bf4 Bb4 13. O-O O-O 14. Ne4 Rc8
15. Kh1 Re8 16. Nfg5 Bxe2 17. Qxe2 Nf8 18. d6 f6 19. exf6 gxf6 20. Qh5 fxg5 21.
Bxg5 Rxe4 22. Bxd8 Ng6 23. Bxb6 Re5 24. Qf3 axb6 25. Qf7+ Kh8 26. Qf6+ Kg8 27.
d7 Ra8 28. d8=Q+ 1-0